| 000 | 00516nam a2200193 a 4500 | ||
|---|---|---|---|
| 005 | 20250905063959.0 | ||
| 008 | 991125s1996 fr 000 0 eng u | ||
| 020 | _a9264153179 | ||
| 035 | _aUPN01000001101 | ||
| 049 | _aCG | ||
| 050 | 4 |
_aLC5225 L4.2 _bA3.8 |
|
| 245 | 0 | 0 | _aAdult learning in a new technological era. |
| 260 |
_aParís : _bOECD, _c1996. |
||
| 300 | _a169 p. | ||
| 440 | 0 | _aOECD proceedings | |
| 650 | 2 |
_aAprendizaje de adultos _97608 |
|
| 650 | 4 |
_aInnovaciones tecnológicas _98196 |
|
| 905 | _aLibro | ||
| 999 |
_c1101 _d1101 |
||